| 000 -LEADER |
| fixed length control field |
00512nam a22001817a 4500 |
| 003 - CONTROL NUMBER IDENTIFIER |
| control field |
OkBaRHE |
| 005 - DATE AND TIME OF LATEST TRANSACTION |
| control field |
20120328152317.0 |
| 008 - FIXED-LENGTH DATA ELEMENTS--GENERAL INFORMATION |
| fixed length control field |
120208t xxu||||| |||| 00| 0 eng d |
| 020 ## - INTERNATIONAL STANDARD BOOK NUMBER |
| International Standard Book Number |
0767319257 |
| 040 ## - CATALOGING SOURCE |
| Original cataloging agency |
|
| Transcribing agency |
OkBaRHE |
| 050 ## - LIBRARY OF CONGRESS CALL NUMBER |
| Classification number |
BV 6552 |
| Item number |
.C5 H6 |
| 100 ## - MAIN ENTRY--PERSONAL NAME |
| Personal name |
Holcomb, Tim J. |
| 9 (RLIN) |
2009 |
| 245 ## - TITLE STATEMENT |
| Title |
Church administration from a to z |
| Remainder of title |
support for church growth. |
| 260 ## - PUBLICATION, DISTRIBUTION, ETC. (IMPRINT) |
| Place of publication, distribution, etc |
Nashville, TN. |
| Name of publisher, distributor, etc |
Convention Press, |
| Date of publication, distribution, etc |
1994. |
| 300 ## - PHYSICAL DESCRIPTION |
| Extent |
155 p. |
| Dimensions |
28 cm. |
| 650 ## - SUBJECT ADDED ENTRY--TOPICAL TERM |
| Topical term or geographic name as entry element |
Church management. |
| 9 (RLIN) |
1224 |
| 942 ## - ADDED ENTRY ELEMENTS (KOHA) |
| Source of classification or shelving scheme |
|
| Koha item type |
Books |